000 01316cam a2200301 i 4500
001 18359213
003 EG-ScBUE
005 20230329105305.0
008 141104s2016 maua fr 000 0 eng d
020 _a9780240823966
040 _aDLC
_beng
_erda
_cDLC
_dEG-ScBUE
082 0 4 _a791.430232
_222
_bRAM
100 1 _aRamey, Kathryn,
_eauthor.
245 1 0 _aExperimental filmmaking :
_bbreak the machine /
_cKathryn Ramey.
264 1 _aBurlington ;
_aOxon :
_bFocal Press / Taylor & Francis Group,
_c2016.
300 _axi, 404 pages :
_billustrations ;
_c24 cm
336 _2rdacontent
_atext
_btxt
337 _2rdamedia
_aunmediated
_bn
338 _2rdacarrier
_avolume
_bnc
504 _aIncludes bibliographical references and index.
505 0 _aFilm-destroy -- Film-create -- Optical printing -- Sound experiments -- In the soup -- In the soup 2 -- In the soup: eco hand processing -- Doin' it in the dark -- Optical printing DIY -- Pinhole photography -- Gallery work -- Film as performance -- Glitch -- Conclusion.
650 7 _aMotion pictures
_xProduction and direction
_vHandbooks, manuals, etc.
_2BUEsh
650 7 _aExperimental films
_xProduction and direction
_vHandbooks, manuals, etc.
_2BUEsh
651 _2BUEsh
653 _bCOMAME
_cNovember2016
655 _vReading book
942 _2ddc
_cBB
999 _c23104
_d23076